MARC

LEADER 00000nam0a2200000 4500
001 261956
005 20231101233618.0
035 |a (RuTPU)RU\TPU\book\284938 
090 |a 261956 
100 |a 20140528d1986 k y0rusy50 ca 
101 0 |a rus 
102 |a GE 
105 |a a z 001zy 
200 1 |a Специфические технологические процессы при производстве электрических машин малой мощности  |e сборник научных трудов  |f Всесоюзный научно-исследовательский проектно-конструкторский институт технологии электрических машин малой мощности (ВНИИТМЭ) 
210 |a Тбилиси  |c [Б. и.]  |d 1986 
215 |a 96 с.  |c ил. 
320 |a Библиография в конце статей 
606 1 |a Электрические машины малой мощности  |2 stltpush  |3 (RuTPU)RU\TPU\subj\27183  |9 50977 
610 1 |a электродвигатели 
610 1 |a магнитопроводы 
610 1 |a магнитное поле 
610 1 |a расчет 
610 1 |a статоры 
610 1 |a спирали 
610 1 |a изготовление 
610 1 |a сверхтвердые композиционные материалы 
610 1 |a кинематические методы 
610 1 |a фильеры 
610 1 |a износостойкость 
610 1 |a электроизоляционные покрытия 
610 1 |a получение 
610 1 |a метод электрофореза 
610 1 |a эпоксиднофенилсилоксан 
610 1 |a водная дисперсия 
610 1 |a штамповая сталь 
610 1 |a автоматическая сборка 
610 1 |a якори 
610 1 |a приемо-сдаточные испытания 
610 1 |a обмотки 
610 1 |a пропитка 
610 1 |a сушка 
610 1 |a намоточные устройства 
610 1 |a электроприводы 
675 |a 621.313-181.48  |v 3 
712 0 2 |a Всесоюзный научно-исследовательский проектно-конструкторский институт технологии электрических машин малой мощности (ВНИИТМЭ)  |c (Тбилиси, Грузия)  |2 stltpush  |3 (RuTPU)RU\TPU\col\19292 
801 1 |a RU  |b 63413507  |c 20140528 
801 2 |a RU  |b 63413507  |c 20150212  |g RCR 
942 |c BK